00400 a2200121 4500001001000000005001700010008004100027245010000068100002400168700002400192773004500216999001700261ART_4588120260410162040.0260409a 10aResponsabilidad penal de las personas jurídicas, elcompliance y la delegación reglamentaria1 aFerraro, Ricardo H.1 aSantacruz, Lidia M.0 tImpuestosg- N°27 (mayo 2018)wREV45175 c34850d34850